Značky sú tiež len ľudia

Vytvárenie charakteristiky konkurencieschopnej značky. Lepšie a slabšie charakteristiky v reklamnom texte.

Guardado en:
Detalles Bibliográficos
Autor principal: Glickmann, S.
Formato: Capítulo de libro
Lenguaje:eslovaco
Materias:
Etiquetas: Agregar Etiqueta
Sin Etiquetas, Sea el primero en etiquetar este registro!

MARC

LEADER 00000naa a2200000 4500
001 r026284
005 20230922094436.0
041 0 |a slo 
044 |a SK 
245 1 0 |a Značky sú tiež len ľudia  |c S. Glickmann 
520 |a Vytvárenie charakteristiky konkurencieschopnej značky. Lepšie a slabšie charakteristiky v reklamnom texte. 
610 2 0 |a značky výrobné 
610 2 0 |a reklama 
610 2 0 |a konkurencieschopnosť 
100 1 |a Glickmann, S.